[Event "4NCL Division 3"]
[Site "Daventry Court ENG"]
[Date "2014.05.04"]
[Round "10.187"]
[White "Perrett, David C"]
[Black "Yiamakis, Albert"]
[Result "0-1"]
[WhiteElo "1957"]
[BlackElo "1729"]
[PlyCount "54"]
[EventDate "2014.05.04"]
[WhiteTeam "The Full Ponty"]
[BlackTeam "Guildford 4"]

1. d4 Nf6 2. Bg5 c5 3. Bxf6 gxf6 4. d5 Qb6 5. Qc1 d6 6. g3 Bf5 7. Bg2 Nd7 8.
Nd2 h5 9. f4 h4 10. c3 Bh6 11. Nc4 Qc7 12. Ne3 Bg6 13. Ng4 Bg7 14. Nf2 Nb6 15.
e3 hxg3 16. hxg3 Rxh1 17. Bxh1 Kd7 18. Qd1 Rh8 19. Qg4+ f5 20. Qe2 c4 21. O-O-O
Qc5 22. Bf3 Rh2 23. Ngh3 Kd8 24. Qd2 Qa5 25. Kb1 Na4 26. Rc1 Qb6 27. Rh1 Bxc3
0-1

[Event "4NCL Division 3"]
[Site "Daventry Court ENG"]
[Date "2014.05.04"]
[Round "10.188"]
[White "Galer, Sebastian E"]
[Black "Thomas, Gary"]
[Result "1/2-1/2"]
[WhiteElo "1853"]
[BlackElo "1850"]
[PlyCount "36"]
[EventDate "2014.05.04"]
[WhiteTeam "Guildford 4"]
[BlackTeam "The Full Ponty"]

1. e4 d5 2. exd5 Nf6 3. Nf3 Nxd5 4. Bc4 Nb6 5. Bb3 g6 6. d4 Bg7 7. O-O O-O 8.
Re1 Nc6 9. c3 Bg4 10. Bf4 e5 11. dxe5 Qxd1 12. Bxd1 Nc4 13. Nbd2 Nxb2 14. Bc2
Bxf3 15. Nxf3 Nc4 16. Bd3 Nb6 17. Nd4 Nxd4 18. cxd4 Rad8 1/2-1/2

[Event "4NCL Division 3"]
[Site "Daventry Court ENG"]
[Date "2014.05.04"]
[Round "10.189"]
[White "Dixon, Chris"]
[Black "Klein, Raimund"]
[Result "1/2-1/2"]
[WhiteElo "1838"]
[BlackElo "1976"]
[PlyCount "136"]
[EventDate "2014.05.04"]
[WhiteTeam "The Full Ponty"]
[BlackTeam "Guildford 4"]

1. e4 c6 2. d3 e5 3. Nf3 Nf6 4. Nbd2 d6 5. g3 g6 6. Bg2 Bg7 7. O-O O-O 8. c3
Re8 9. Qe2 h6 10. a4 Bg4 11. h3 Be6 12. b4 Nbd7 13. Bb2 d5 14. Rfd1 Nh7 15. Nh4
Ng5 16. Kh2 Kh7 17. c4 d4 18. Qe1 f5 19. f4 Nf7 20. Qf2 c5 21. b5 Qc7 22. Kh1
Nf6 23. Qf3 Rab8 24. Re1 exf4 25. gxf4 fxe4 26. Nxe4 Nxe4 27. Qxe4 Bf5 28. Qf3
Nd6 29. Ba3 b6 30. Rad1 Re7 31. Nxf5 Nxf5 32. Bc1 Rbe8 33. Rxe7 Qxe7 34. Bd2
Qe2 35. Re1 Qxf3 36. Bxf3 Rxe1+ 37. Bxe1 Bf8 38. Be4 Ne3 39. Bd2 Bd6 40. Kg1
Bxf4 41. Kf2 Kg7 42. Kf3 g5 43. h4 Kf6 44. hxg5+ hxg5 45. a5 Ke5 46. axb6 axb6
47. Bxe3 dxe3 48. Ke2 g4 49. Bg2 Kf5 50. Kf1 Bg5 51. Kg1 Bh4 52. Bf1 Bf2+ 53.
Kg2 Ke5 54. Be2 g3 55. Kf3 Kd4 56. Bf1 Kc3 57. Ke2 Kc2 58. Bg2 Kc3 59. Bf1 Kd4
60. Bg2 Ke5 61. Kf3 Kf5 62. Ke2 Kf4 63. Kf1 Ke5 64. Ke2 Kd4 65. Bf3 Kc3 66. Bg2
Bg1 67. Bf3 Kc2 68. Bg2 Bf2 1/2-1/2

[Event "4NCL Division 3"]
[Site "Daventry Court ENG"]
[Date "2014.05.04"]
[Round "10.190"]
[White "Stimpson, Philip M"]
[Black "Gilbert, Colin"]
[Result "1-0"]
[WhiteElo "2003"]
[BlackElo "1780"]
[PlyCount "80"]
[EventDate "2014.05.04"]
[WhiteTeam "Guildford 4"]
[BlackTeam "The Full Ponty"]

1. e4 c5 2. Nc3 Nc6 3. Nf3 g6 4. h4 h5 5. d4 cxd4 6. Nxd4 Bg7 7. Be3 Nf6 8. f3
Qa5 9. Qd2 d6 10. O-O-O a6 11. Bc4 Ne5 12. Bb3 Nfd7 13. Nd5 Qxd2+ 14. Bxd2 Rb8
15. Ba5 b6 16. Bc3 e6 17. Nc6 Rb7 18. Nde7 Rc7 19. Nxc8 Rxc8 20. Nxe5 Bxe5 21.
Bxe5 Nxe5 22. Rxd6 Ke7 23. Rxb6 Nd3+ 24. Kb1 Nc5 25. Rd1 Rc7 26. Rbd6 Rhc8 27.
c3 a5 28. e5 a4 29. Bc2 a3 30. b3 Nb7 31. c4 Ke8 32. Ra6 Rc5 33. f4 Nd8 34.
Rxa3 Nc6 35. Be4 Nb4 36. Ra7 Rb8 37. a3 Nc6 38. Bxc6+ Rxc6 39. Kc2 Rcb6 40. b4
Rc8 1-0

[Event "4NCL Division 3"]
[Site "Daventry Court ENG"]
[Date "2014.05.04"]
[Round "10.196"]
[White "Mounce, Richard B"]
[Black "Cook, Michael P"]
[Result "1/2-1/2"]
[WhiteElo "2045"]
[BlackElo "2021"]
[PlyCount "43"]
[EventDate "2014.05.04"]
[WhiteTeam "Jorvik"]
[BlackTeam "Anglian Avengers 3"]

1. e4 e5 2. Nf3 Nc6 3. Bb5 Nf6 4. O-O Bc5 5. Bxc6 dxc6 6. Nxe5 Nxe4 7. c3 O-O
8. d4 Bd6 9. Nd2 Nxd2 10. Bxd2 Qf6 11. f4 c5 12. Be3 cxd4 13. Bxd4 Qe7 14. b4
Be6 15. f5 f6 16. Ng6 hxg6 17. fxg6 Bf7 18. Qh5 Bxg6 19. Qxg6 Qe8 20. Qg4 Qc8
21. Qg6 Qe8 22. Qg4 1/2-1/2

[Event "4NCL Division 3"]
[Site "Daventry Court ENG"]
[Date "2014.05.04"]
[Round "10.197"]
[White "Peck, Silas"]
[Black "Flint, Martina"]
[Result "1/2-1/2"]
[WhiteElo "1842"]
[BlackElo "1822"]
[PlyCount "134"]
[EventDate "2014.05.04"]
[WhiteTeam "Anglian Avengers 3"]
[BlackTeam "Jorvik"]

1. e4 d6 2. d4 g6 3. Nc3 Bg7 4. f4 e6 5. Nf3 Ne7 6. Bd3 Na6 7. Be3 c6 8. Qd2 h5
9. h3 Qc7 10. O-O Bd7 11. Nh4 c5 12. Bxa6 bxa6 13. dxc5 dxc5 14. e5 Bb5 15.
Rfd1 O-O 16. Qd6 Qxd6 17. exd6 Nc6 18. Nxb5 axb5 19. Bxc5 Rfd8 20. c3 Rd7 21.
Nf3 Rad8 22. Re1 Na5 23. Ne5 Bxe5 24. fxe5 Rc8 25. Bb4 Nc4 26. b3 Nb6 27. Ba5
Kg7 28. Bxb6 axb6 29. Re3 f6 30. exf6+ Kxf6 31. Rf1+ Kg5 32. Re5+ Kh6 33. Rxe6
Rxc3 34. Rff6 Rg7 35. Re7 Rd3 36. Rfe6 Rxd6 37. Rxd6 Rxe7 38. Rxb6 Re5 39. Kf2
Rc5 40. Kf3 Rc2 41. Rxb5 Rxa2 42. Re5 Rb2 43. Re3 Kg5 44. g3 Rb1 45. Ke4 Kf6
46. Kd3 g5 47. g4 Rd1+ 48. Kc4 hxg4 49. hxg4 Rc1+ 50. Kb5 Rd1 51. Re4 Rf1 52.
b4 Rd1 53. Kc6 Rc1+ 54. Kb6 Rf1 55. b5 Rf4 56. Re1 Rxg4 57. Kc7 Rc4+ 58. Kb7
Kf5 59. b6 Kf4 60. Ka7 Ra4+ 61. Kb8 g4 62. b7 Rb4 63. Kc7 Rc4+ 64. Kd6 Rb4 65.
Kc7 Rc4+ 66. Kd6 Rb4 67. Kc7 Rc4+ 1/2-1/2

[Event "4NCL Division 3"]
[Site "Daventry Court ENG"]
[Date "2014.05.04"]
[Round "10.198"]
[White "Anderson, Paul W"]
[Black "Hall, Antony C"]
[Result "0-1"]
[WhiteElo "1886"]
[BlackElo "1994"]
[PlyCount "88"]
[EventDate "2014.05.04"]
[WhiteTeam "Jorvik"]
[BlackTeam "Anglian Avengers 3"]

1. c4 e5 2. Nc3 Nc6 3. g3 g6 4. Bg2 Bg7 5. Nf3 d6 6. O-O Nge7 7. Rb1 f5 8. d3
O-O 9. e3 h6 10. a3 Be6 11. Nd2 Qd7 12. f4 Rad8 13. Ne2 d5 14. c5 exf4 15. Nxf4
Bf7 16. d4 g5 17. Nh3 Bg6 18. b4 Rde8 19. Rb3 Kh7 20. Nb1 Ng8 21. Nf2 Nf6 22.
Bd2 Re7 23. b5 Nd8 24. b6 axb6 25. cxb6 Nc6 26. bxc7 Qxc7 27. Nc3 Rd8 28. Rb5
Red7 29. Qb3 Na5 30. Qa2 Nc4 31. Rc5 Qd6 32. Nxd5 Nxd2 33. Nxf6+ Bxf6 34. Qxd2
Qxc5 35. dxc5 Rxd2 36. Bxb7 Be5 37. c6 Bc7 38. Ra1 Bf7 39. a4 Ra2 40. Rc1 Rxa4
41. g4 fxg4 42. e4 Rc4 43. Re1 Be6 44. e5 Bb6 0-1

[Event "4NCL Division 3"]
[Site "Daventry Court ENG"]
[Date "2014.05.04"]
[Round "10.205"]
[White "Adams, Philip"]
[Black "Williamson, Kevin J"]
[Result "1/2-1/2"]
[WhiteElo "2042"]
[BlackElo "2010"]
[PlyCount "27"]
[EventDate "2014.05.04"]
[WhiteTeam "3Cs 2"]
[BlackTeam "MK Phoenix 2"]

1. e4 d5 2. exd5 Qxd5 3. Nc3 Qd6 4. d4 g6 5. Nf3 Nf6 6. Bc4 Bg7 7. O-O O-O 8.
Ne5 c6 9. Re1 Nbd7 10. Bg5 Nb6 11. Bb3 Nbd5 12. Nxd5 cxd5 13. c3 Be6 14. Bc2
1/2-1/2

[Event "4NCL Division 3"]
[Site "Daventry Court ENG"]
[Date "2014.05.04"]
[Round "10.207"]
[White "Lau, Jason"]
[Black "Martinez Villena, David"]
[Result "1/2-1/2"]
[WhiteElo "1785"]
[BlackElo "1984"]
[PlyCount "51"]
[EventDate "2014.05.04"]
[WhiteTeam "3Cs 2"]
[BlackTeam "MK Phoenix 2"]

1. e4 d5 2. exd5 Nf6 3. Bb5+ Nbd7 4. Nf3 a6 5. Be2 Nxd5 6. d4 b5 7. O-O e6 8.
a3 Be7 9. c4 bxc4 10. Bxc4 N7b6 11. Ba2 Bb7 12. Re1 O-O 13. Nc3 Nxc3 14. bxc3
c5 15. Ne5 Nd5 16. Qd3 cxd4 17. cxd4 Rc8 18. Bc4 Qd6 19. Bd2 Nb6 20. Bb4 Qd8
21. Bxe7 Qxe7 22. Bxa6 Bxa6 23. Qxa6 Nd5 24. Rec1 Ra8 25. Qd3 Qg5 26. Qg3
1/2-1/2

[Event "4NCL Division 3"]
[Site "Daventry Court ENG"]
[Date "2014.05.04"]
[Round "10.215"]
[White "Robertson, David J"]
[Black "Fallowfield, Jeremy R"]
[Result "1-0"]
[WhiteElo "1929"]
[BlackElo "2034"]
[PlyCount "71"]
[EventDate "2014.05.04"]
[WhiteTeam "Spirit of Atticus B"]
[BlackTeam "Warwickshire Select 2"]

1. e4 e6 2. d4 d5 3. Nc3 Nf6 4. e5 Nfd7 5. f4 c5 6. Nf3 Nc6 7. Be3 Be7 8. Qd2
O-O 9. dxc5 Bxc5 10. Bxc5 Nxc5 11. O-O-O Qa5 12. Kb1 Bd7 13. Bd3 Rab8 14. Qf2
f5 15. exf6 Rxf6 16. Nd4 Na4 17. Nxa4 Qxa4 18. c3 e5 19. Bc2 Qc4 20. Nxc6 bxc6
21. Qxa7 Qb5 22. b3 Rb7 23. Qe3 e4 24. Rd4 Qb6 25. Qd2 Ra7 26. Bxe4 dxe4 27.
Rxd7 e3 28. Rd8+ Kf7 29. Qd4 Qxd4 30. Rxd4 Re7 31. Re1 g5 32. fxg5 Rf2 33. Rd3
Rxg2 34. Rdxe3 Rd7 35. R1e2 Rxg5 36. Kc2 1-0

[Event "4NCL Division 3"]
[Site "Daventry Court ENG"]
[Date "2014.05.04"]
[Round "10.217"]
[White "Bryant, Richard BE"]
[Black "Paterson, Andrew I"]
[Result "0-1"]
[WhiteElo "1957"]
[BlackElo "2075"]
[PlyCount "130"]
[EventDate "2014.05.04"]
[WhiteTeam "Spirit of Atticus B"]
[BlackTeam "Warwickshire Select 2"]

1. e4 c6 2. Nc3 d5 3. Nf3 Bg4 4. Be2 Nf6 5. d3 e6 6. O-O Bb4 7. e5 Nfd7 8. Bf4
Qa5 9. Nb1 O-O 10. c3 Be7 11. Nbd2 c5 12. d4 Nc6 13. Re1 Qb6 14. Qb3 Qxb3 15.
Nxb3 c4 16. Nbd2 Rfc8 17. h3 Bxf3 18. Bxf3 b5 19. Bd1 b4 20. Nf3 a5 21. Ba4 Nb6
22. Bxc6 Rxc6 23. Bd2 Rcc8 24. Rab1 Na4 25. Rec1 bxc3 26. Bxc3 Nxc3 27. Rxc3
Rab8 28. b3 a4 29. Rcc1 Ba3 30. Rc2 Rb7 31. Nd2 Rcb8 32. Nxc4 dxc4 33. Rxc4
axb3 34. Rxb3 Rxb3 35. axb3 Rxb3 36. Rc8+ Bf8 37. Kf1 g6 38. Ke2 Kg7 39. Rc7
Rb5 40. Rc2 h5 41. Kf3 g5 42. Ke4 Be7 43. f4 gxf4 44. Kxf4 Rb4 45. Rd2 h4 46.
Rd3 Bc5 47. Ke3 Rxd4 48. Rxd4 Bxd4+ 49. Kxd4 Kg6 50. Ke3 Kf5 51. Kf3 Kxe5 52.
Kg4 Kd4 53. Kxh4 e5 54. Kg3 Kd3 55. Kf2 Kd2 56. Kf3 f5 57. h4 e4+ 58. Kf4 e3
59. Kxf5 e2 60. g4 e1=Q 61. h5 Qh4 62. Kf4 Qf6+ 63. Kg3 Qg5 64. Kh3 Ke2 65. Kg3
Ke3 0-1

[Event "4NCL Division 3"]
[Site "Daventry Court ENG"]
[Date "2014.05.04"]
[Round "10.218"]
[White "Ingram, Keith R"]
[Black "Cooper, John G"]
[Result "1/2-1/2"]
[WhiteElo "1999"]
[BlackElo "2046"]
[PlyCount "104"]
[EventDate "2014.05.04"]
[WhiteTeam "Warwickshire Select 2"]
[BlackTeam "Spirit of Atticus B"]

1. e4 c5 2. Nf3 e6 3. d4 cxd4 4. Nxd4 Nc6 5. Be3 Qc7 6. Nc3 a6 7. Bd3 b5 8. O-O
Bb7 9. Qe2 Nf6 10. a3 Rc8 11. Rad1 Na5 12. f3 Nc4 13. Bxc4 Qxc4 14. Rfe1 Qxe2
15. Rxe2 Bc5 16. Nb3 Bxe3+ 17. Rxe3 Ke7 18. Rd2 Rhd8 19. Nd4 d6 20. e5 dxe5 21.
Rxe5 Nd7 22. Ree2 g6 23. Kf2 Nb6 24. Rd3 Nc4 25. Nd1 Rd7 26. c3 Bd5 27. Ne3
Nxe3 28. Rdxe3 Bc4 29. Re1 Rd6 30. f4 Rc5 31. Re5 Rdd5 32. Rxd5 Bxd5 33. Re3
Kd6 34. g4 f6 35. Nc2 Bb3 36. Rd3+ Rd5 37. Rxd5+ Bxd5 38. Ke3 e5 39. Nb4 Bb7
40. Nd3 Bd5 41. b4 Be6 42. fxe5+ fxe5 43. g5 Kd5 44. Nc5 Bc8 45. a4 Kc4 46.
axb5 axb5 47. Kd2 Bf5 48. Nb7 Kd5 49. Ke3 Bc8 50. Nc5 Bf5 51. Nb7 Bc8 52. Nc5
Bf5 1/2-1/2

[Event "4NCL Division 3"]
[Site "Daventry Court ENG"]
[Date "2014.05.04"]
[Round "10.226"]
[White "Piper, Stephen J"]
[Black "Timson, Paul F"]
[Result "1/2-1/2"]
[WhiteElo "2047"]
[BlackElo "2124"]
[PlyCount "123"]
[EventDate "2014.05.04"]
[WhiteTeam "The Rookies"]
[BlackTeam "Manchester Manticores 1"]

1. c4 c5 2. Nc3 g6 3. g3 Bg7 4. Bg2 Nc6 5. d3 e6 6. e4 Nge7 7. Nge2 O-O 8. Be3
Nd4 9. Qd2 Nec6 10. O-O a6 11. Bh6 Rb8 12. Bxg7 Kxg7 13. f4 d6 14. Nxd4 cxd4
15. Ne2 e5 16. b4 b5 17. Rab1 f6 18. Rfc1 Qb6 19. c5 dxc5 20. Rxc5 Bd7 21. Rbc1
Rfc8 22. a3 a5 23. fxe5 fxe5 24. bxa5 Nxa5 25. Qg5 Qf6 26. Qxf6+ Kxf6 27. Rf1+
Kg7 28. Rxe5 Nc6 29. Rd5 Bg4 30. Nxd4 Nxd4 31. Rxd4 Rd8 32. Rxd8 Rxd8 33. Bf3
Bxf3 34. Rxf3 Rd4 35. Kf2 Ra4 36. d4 Rxd4 37. Rb3 Rxe4 38. Rxb5 Ra4 39. Rb3 Kf6
40. Re3 h5 41. Ke2 h4 42. Kf3 hxg3 43. hxg3 Kf5 44. Ke2 g5 45. Kd2 Kg4 46. Kc2
Kh3 47. Kb3 Ra8 48. a4 g4 49. Rc3 Rb8+ 50. Kc2 Ra8 51. Ra3 Rf8 52. a5 Rf3 53.
Rd3 Rf2+ 54. Kb3 Rf3 55. Kc4 Kxg3 56. a6 Kh2 57. a7 Rf8 58. Rd2+ Kh3 59. Ra2
Ra8 60. Kd4 g3 61. Kc5 g2 62. Rxg2 1/2-1/2

[Event "4NCL Division 3"]
[Site "Daventry Court ENG"]
[Date "2014.05.04"]
[Round "10.227"]
[White "Hamer, Martyn"]
[Black "Compton, Alistair"]
[Result "1-0"]
[WhiteElo "2005"]
[BlackElo "2080"]
[PlyCount "83"]
[EventDate "2014.05.04"]
[WhiteTeam "Manchester Manticores 1"]
[BlackTeam "The Rookies"]

1. Nf3 d5 2. d4 e6 3. c4 c5 4. cxd5 exd5 5. g3 Nc6 6. Bg2 Nf6 7. O-O Be7 8. Nc3
O-O 9. b3 Ne4 10. Bb2 Bf6 11. Nxe4 dxe4 12. Nd2 Bxd4 13. Bxd4 cxd4 14. Nxe4 Re8
15. Re1 Qb6 16. Rc1 Nb4 17. Qd2 Bf5 18. Nc5 Rac8 19. Nd3 Rxc1 20. Rxc1 Nxd3 21.
exd3 Qg6 22. Bxb7 Bxd3 23. Qb4 Be4 24. Qb5 Rf8 25. Rd1 Bxb7 26. Qxb7 Qd6 27.
Qxa7 d3 28. Qe3 Rd8 29. Rd2 Qd5 30. f3 h5 31. h4 Qf5 32. Kg2 Qb5 33. Qe4 Rd6
34. Qc4 Qd7 35. a4 Rd4 36. Qc3 Qd6 37. a5 g6 38. a6 Rd5 39. Qc8+ Kg7 40. a7 Qb4
41. a8=Q Qxd2+ 42. Kh3 1-0

[Event "4NCL Division 3"]
[Site "Daventry Court ENG"]
[Date "2014.05.04"]
[Round "10.230"]
[White "Ressel, Eva"]
[Black "Whitehead, Mark A"]
[Result "0-1"]
[WhiteElo "1527"]
[BlackElo "2006"]
[PlyCount "72"]
[EventDate "2014.05.04"]
[WhiteTeam "The Rookies"]
[BlackTeam "Manchester Manticores 1"]

1. e4 c5 2. Nc3 a6 3. f4 e6 4. Nf3 d6 5. a4 Nc6 6. Bc4 g6 7. O-O Bg7 8. d3 Nge7
9. Qe1 O-O 10. Qh4 d5 11. Bb3 Nd4 12. f5 gxf5 13. Bh6 Ng6 14. Qh3 Nxf3+ 15.
Rxf3 fxe4 16. dxe4 d4 17. Ne2 Qh4 18. Qxh4 Nxh4 19. Rg3 Ng6 20. Bxg7 Kxg7 21.
Rf1 b5 22. a5 c4 23. Ba2 e5 24. b3 Be6 25. Rgf3 Rad8 26. Ng3 Nf4 27. Nf5+ Bxf5
28. exf5 Ne2+ 29. Kf2 Nc3 30. f6+ Kh8 31. Bb1 e4 32. Rh3 e3+ 33. Ke1 Rg8 34. g3
d3 35. cxd3 cxd3 36. Rf4 d2+ 0-1

[Event "4NCL Division 3"]
[Site "Daventry Court ENG"]
[Date "2014.05.04"]
[Round "10.235"]
[White "Carpenter, Dai"]
[Black "Moore, Gerald"]
[Result "1/2-1/2"]
[WhiteElo "1983"]
[BlackElo "2213"]
[PlyCount "87"]
[EventDate "2014.05.04"]
[WhiteTeam "West is Best 2"]
[BlackTeam "Broadland"]

1. Nf3 g6 2. c4 Bg7 3. d4 Nf6 4. Nc3 O-O 5. e4 d6 6. Be2 Na6 7. O-O e5 8. Be3
Ng4 9. Bg5 Qe8 10. d5 h6 11. Bd2 f5 12. Ne1 Nf6 13. f3 f4 14. g4 g5 15. Nd3 Rf7
16. b4 Bf8 17. Be1 h5 18. h3 Rh7 19. Bf2 Bd7 20. a4 Qg6 21. Kg2 Re8 22. a5 hxg4
23. hxg4 Bxg4 24. fxg4 Nxe4 25. Nb5 Nxf2 26. Nxf2 e4 27. Ra3 Bg7 28. Qb1 Rh4
29. Rh1 f3+ 30. Bxf3 exf3+ 31. Rxf3 Qxb1 32. Rxb1 Be5 33. Rh3 Bf4 34. Rxh4 gxh4
35. Nxa7 Be3 36. Nb5 Bxf2 37. Kxf2 Re4 38. Na3 Rxg4 39. b5 Nc5 40. Rg1 Ne4+ 41.
Kf1 Nd2+ 42. Kf2 Ne4+ 43. Kf1 Nd2+ 44. Kf2 1/2-1/2

[Event "4NCL Division 3"]
[Site "Daventry Court ENG"]
[Date "2014.05.04"]
[Round "10.237"]
[White "Bridges, Paul L"]
[Black "McEwan, Ken B"]
[Result "1/2-1/2"]
[WhiteElo "1863"]
[BlackElo "2092"]
[PlyCount "49"]
[EventDate "2014.05.04"]
[WhiteTeam "West is Best 2"]
[BlackTeam "Broadland"]

1. e4 c5 2. Nc3 Nc6 3. f4 g6 4. Nf3 Bg7 5. Bc4 e6 6. d3 a6 7. O-O Nge7 8. Qe1
O-O 9. a3 d5 10. Ba2 b5 11. Qh4 Nd4 12. f5 Nxf3+ 13. Rxf3 exf5 14. Bg5 f6 15.
Nxd5 Nxd5 16. Bxd5+ Kh8 17. Be3 g5 18. Qh5 Bd7 19. Rh3 h6 20. Qg6 Qe7 21. Rxh6+
Bxh6 22. Qxh6+ Qh7 23. Qxh7+ Kxh7 24. Bxa8 Rxa8 25. exf5 1/2-1/2

[Event "4NCL Division 3"]
[Site "Daventry Court ENG"]
[Date "2014.05.04"]
[Round "10.247"]
[White "Hibbitt, Arthur M"]
[Black "Pozimski, Szymon"]
[Result "0-1"]
[WhiteElo "1792"]
[BlackElo "1786"]
[PlyCount "122"]
[EventDate "2014.05.04"]
[WhiteTeam "Banbury Bulldogs"]
[BlackTeam "Oxford 2"]

1. f4 b6 2. Nf3 Bb7 3. e3 Nf6 4. Be2 e6 5. O-O c5 6. d3 d5 7. Qe1 Bd6 8. Ne5
Nbd7 9. Nxd7 Qxd7 10. Nd2 O-O 11. Nf3 Qc7 12. Qh4 Be7 13. Qh3 c4 14. Bd2 b5 15.
Ne5 Rad8 16. Bc3 Bc5 17. Bd4 Bxd4 18. exd4 c3 19. b3 Qb6 20. Qe3 b4 21. g4 Ne8
22. g5 Nd6 23. Bg4 Nb5 24. Nf3 a5 25. h4 f5 26. Bh3 Ra8 27. Rae1 Bc8 28. h5 a4
29. Rf2 axb3 30. axb3 Ra2 31. Qe5 Qd6 32. Qxd6 Nxd6 33. Ne5 Ra5 34. h6 g6 35.
Rff1 Nb5 36. Nf3 Rf7 37. Re2 Rfa7 38. Kf2 Ra2 39. Rc1 Rb2 40. Bg2 Raa2 41. Ke3
Na3 42. Ne1 Nb1 43. Kf2 Bd7 44. Nf3 Na3 45. Ne1 Kf7 46. Bf3 Nb1 47. Bg2 Nd2 48.
Ke3 Nxb3 49. Rd1 Na5 50. Bf3 Ba4 51. Rc1 Nc6 52. Rg2 Na7 53. Bd1 Nb5 54. Re2
Na3 55. Rf2 Nb1 56. Re2 Nd2 57. Kf2 Ke7 58. Ke3 Kd6 59. Kf2 b3 60. cxb3 Bxb3
61. Bxb3 Nxb3 0-1

[Event "4NCL Division 3"]
[Site "Daventry Court ENG"]
[Date "2014.05.04"]
[Round "10.255"]
[White "Lawson, Maurice E"]
[Black "Edwards, Simon R"]
[Result "1-0"]
[WhiteElo "1912"]
[BlackElo "1962"]
[PlyCount "49"]
[EventDate "2014.05.04"]
[WhiteTeam "BCM Hippos (3)"]
[BlackTeam "Cheddleton 3"]

1. e4 c5 2. Nc3 g6 3. f4 Bg7 4. Nf3 Nc6 5. Bb5 Nd4 6. O-O Nxb5 7. Nxb5 d5 8. e5
Bd7 9. Nc3 Bc6 10. d4 b6 11. Be3 c4 12. f5 Nh6 13. f6 exf6 14. exf6 Qxf6 15.
Bg5 Qd6 16. Qd2 Nf5 17. Rae1+ Kf8 18. g4 f6 19. gxf5 fxg5 20. Nxg5 Kg8 21. Re6
Qd7 22. f6 Bh6 23. Rfe1 Rf8 24. Qf4 Rf7 25. Qb8+ 1-0

[Event "4NCL Division 3"]
[Site "Daventry Court ENG"]
[Date "2014.05.04"]
[Round "10.9"]
[White "Kendall, Paul SN"]
[Black "Willmoth, Rob"]
[Result "1/2-1/2"]
[WhiteElo "2038"]
[BlackElo "2142"]
[PlyCount "67"]
[EventDate "2014.05.04"]
[WhiteTeam "North East England 2"]
[BlackTeam "Barnet Knights 1"]

1. e4 c6 2. d4 d5 3. exd5 cxd5 4. Bd3 Nc6 5. c3 Qc7 6. Qb3 Nxd4 7. Qxd5 Nc6 8.
Nf3 Nf6 9. Qb3 e5 10. Nbd2 Bg4 11. Ng5 h6 12. Nge4 Nxe4 13. Bxe4 Be7 14. O-O
O-O 15. Re1 Rad8 16. Bxc6 bxc6 17. Qc4 Be6 18. Qe2 Rfe8 19. Nc4 f6 20. a4 Bf5
21. Ne3 Bc8 22. b4 Bd6 23. Nc4 Bf8 24. Qh5 Be6 25. Ne3 Qc8 26. h3 f5 27. Bb2
Kh7 28. Rad1 e4 29. Rxd8 Rxd8 30. Rd1 f4 31. Nf1 g6 32. Rxd8 Qxd8 33. Qe5 Qd6
34. Qxe4 1/2-1/2

[Event "4NCL Division 3"]
[Site "Daventry Court ENG"]
[Date "2014.05.04"]
[Round "10.10"]
[White "Klingher, Dominic"]
[Black "Solomon, Norman"]
[Result "1/2-1/2"]
[WhiteElo "1771"]
[BlackElo "2108"]
[PlyCount "102"]
[EventDate "2014.05.04"]
[WhiteTeam "Barnet Knights 1"]
[BlackTeam "North East England 2"]

1. e4 Nf6 2. e5 Nd5 3. Bc4 c6 4. Nf3 d6 5. O-O g6 6. d4 Bg7 7. Re1 dxe5 8. Nxe5
Nd7 9. Nc3 Nxe5 10. dxe5 Be6 11. Nxd5 Bxd5 12. Bxd5 Qxd5 13. Qxd5 cxd5 14. e6
fxe6 15. Rxe6 Kd7 16. Re2 e5 17. Be3 Kc6 18. c3 a6 19. Rd1 Rhd8 20. Rc2 Rd7 21.
a4 Bf6 22. b4 b6 23. c4 d4 24. Bd2 Rc7 25. Rb1 Rac8 26. b5+ axb5 27. Rxb5 e4
28. Rcb2 Rb7 29. c5 Rcb8 30. Bf4 d3 31. Rb1 Rd8 32. Rxb6+ Rxb6 33. Rxb6+ Kxc5
34. Rxf6 d2 35. Bxd2 Rxd2 36. h4 Ra2 37. Rf7 Rxa4 38. Rxh7 Kd4 39. Rh6 Ra6 40.
Kh2 Rf6 41. Kg3 Ke5 42. Rh8 Rf7 43. Re8+ Kf5 44. Kh3 Kf4 45. Rb8 g5 46. h5 Rf6
47. Rb3 Rh6 48. g4 Ra6 49. Rg3 Rb6 50. Kg2 Ra6 51. Kh3 Rb6 1/2-1/2

[Event "4NCL Division 3"]
[Site "Daventry Court ENG"]
[Date "2014.05.04"]
[Round "10.11"]
[White "Reynolds, Mark A"]
[Black "Chauhan, Pranay"]
[Result "1-0"]
[WhiteElo "1976"]
[BlackElo "1503"]
[PlyCount "141"]
[EventDate "2014.05.04"]
[WhiteTeam "North East England 2"]
[BlackTeam "Barnet Knights 1"]

1. b3 e5 2. Bb2 d6 3. c4 f5 4. g3 Nf6 5. Bg2 c6 6. c5 d5 7. Bxe5 Nbd7 8. Bb2
Bxc5 9. Nf3 Qb6 10. O-O O-O 11. Nc3 Qc7 12. e3 Ne4 13. Qc2 Bd6 14. Rac1 Qd8 15.
d3 Ng5 16. Ne2 Nxf3+ 17. Bxf3 Nf6 18. Rcd1 Qe8 19. Qc3 Bc7 20. Nf4 Bxf4 21.
exf4 Bd7 22. Ba3 Rf7 23. Rfe1 Qd8 24. Re2 b6 25. Bd6 Be8 26. Be5 c5 27. Bxf6
Rxf6 28. Rxe8+ Qxe8 29. Bxd5+ Kh8 30. Re1 Qd8 31. Bxa8 Qxa8 32. Re7 a6 33. Qe5
Qg8 34. h4 h6 35. Rb7 Qe6 36. Qc7 Rg6 37. Qe5 Qxe5 38. fxe5 f4 39. Kg2 fxg3 40.
fxg3 Re6 41. Kf3 Rxe5 42. Rxb6 Rd5 43. Rxa6 Rxd3+ 44. Kg4 Kg8 45. Rc6 Rc3 46.
Kf5 Rc2 47. Kg6 Kf8 48. g4 Rxa2 49. Rc8+ Ke7 50. Rxc5 Ra7 51. Rf5 Ke6 52. b4
Rb7 53. b5 Rd7 54. b6 Re7 55. Rc5 Rb7 56. Rc7 Rxb6 57. Rxg7 Ke5+ 58. Kh5 Rb1
59. Kxh6 Kf6 60. g5+ Kf5 61. Rf7+ Kg4 62. h5 Rh1 63. Kg6 Rg1 64. Rb7 Kf4 65.
Rb5 Rc1 66. Kh6 Kg4 67. g6 Rc6 68. Kh7 Rc7+ 69. g7 Kh4 70. Kh8 Rc6 71. g8=Q 1-0

[Event "4NCL Division 3"]
[Site "Daventry Court ENG"]
[Date "2014.05.04"]
[Round "10.12"]
[White "Sanitt, Leo"]
[Black "Plater, Ron"]
[Result "1-0"]
[WhiteElo "1453"]
[BlackElo "1926"]
[PlyCount "85"]
[EventDate "2014.05.04"]
[WhiteTeam "Barnet Knights 1"]
[BlackTeam "North East England 2"]

1. d4 Nf6 2. c4 e6 3. Nc3 d5 4. Bg5 c5 5. e3 cxd4 6. exd4 Be7 7. Nf3 O-O 8.
cxd5 Nxd5 9. Bxe7 Qxe7 10. Nxd5 exd5+ 11. Be2 Re8 12. Rc1 Nc6 13. Rc3 Bf5 14.
Re3 Qb4+ 15. Qd2 f6 16. Rb3 Qe7 17. Re3 Qd6 18. O-O a6 19. a3 Rac8 20. Rc1 Ne7
21. Rec3 Rxc3 22. Rxc3 Rc8 23. Rxc8+ Nxc8 24. Bd3 Bxd3 25. Qxd3 Qc6 26. Qc3
Qxc3 27. bxc3 Nd6 28. Nd2 Kf7 29. Kf1 Ke6 30. Ke2 Nb5 31. Nb1 Kd7 32. Kd3 Kc6
33. c4 dxc4+ 34. Kxc4 Nd6+ 35. Kd3 Kb5 36. Nc3+ Ka5 37. d5 b5 38. Ne4 Nxe4 39.
Kxe4 Kb6 40. Kf5 a5 41. d6 b4 42. axb4 axb4 43. Ke6 1-0

[Event "4NCL Division 3"]
[Site "Daventry Court ENG"]
[Date "2014.05.04"]
[Round "10.20"]
[White "Evans, Nicholas T"]
[Black "Martin, Peter"]
[Result "0-1"]
[WhiteElo "1839"]
[BlackElo "2091"]
[PlyCount "66"]
[EventDate "2014.05.04"]
[WhiteTeam "Midland Monarchs"]
[BlackTeam "Gloucestershire Gambits"]

1. d4 Nf6 2. Nf3 c5 3. d5 d6 4. c4 b5 5. cxb5 a6 6. bxa6 Bxa6 7. Nc3 g6 8. e4
Bxf1 9. Kxf1 Bg7 10. g3 O-O 11. Kg2 Nbd7 12. Qe2 Qa5 13. e5 dxe5 14. Nxe5 Nxe5
15. Qxe5 Rfe8 16. f4 Rad8 17. Rd1 Nxd5 18. Qe2 Nxc3 19. bxc3 Rxd1 20. Qxd1 Bxc3
21. Be3 Rd8 22. Qf1 Bxa1 23. Qxa1 Ra8 24. Qe5 Qxa2+ 25. Kh3 Qe2 26. Qxe7 Qh5+
27. Kg2 Ra2+ 28. Bf2 Qd5+ 29. Kg1 Ra1+ 30. Be1 Qd4+ 31. Kg2 Qd5+ 32. Kf2 Ra2+
33. Ke3 Qb3+ 0-1

[Event "4NCL Division 3"]
[Site "Daventry Court ENG"]
[Date "2014.05.04"]
[Round "10.21"]
[White "Meade, Philip J"]
[Black "Jina, Taran"]
[Result "1/2-1/2"]
[WhiteElo "1950"]
[BlackElo "1724"]
[PlyCount "32"]
[EventDate "2014.05.04"]
[WhiteTeam "Gloucestershire Gambits"]
[BlackTeam "Midland Monarchs"]

1. e4 d5 2. exd5 Nf6 3. d4 Nxd5 4. Nf3 Bg4 5. Be2 g6 6. O-O Bg7 7. Ne5 Bxe2 8.
Qxe2 O-O 9. Rd1 c6 10. c4 Nb6 11. Nc3 N8d7 12. Bf4 Nxe5 13. dxe5 Qc8 14. c5 Qf5
15. Qe4 Qxe4 16. Nxe4 Nd5 1/2-1/2